|
|
|
|
| LEADER |
00000cam a2200000 7i4500 |
| 001 |
0000004596 |
| 005 |
20090107.0 |
| 040 |
|
|
|a INS
|
| 090 |
0 |
0 |
|a VCD 734
|
| 245 |
0 |
0 |
|a Kursus Kaunter & Korporat :
|b Pengucapan Awam di Bilik Kuliah 3
|c oleh Datin Shamsiah [
|h cakera video] :
|b 23 Mac 1998
|
| 260 |
|
|
|a Bangi :
|b Institut Penilaian Negara ,
|c 1998
|
| 300 |
|
|
|a 2 cakera video (115 min. :
|b sd., wrn. ;
|c 4 /34 in.
|
| 500 |
|
|
|a Juga terdapat dalam format VHS 759
|
| 650 |
0 |
0 |
|a Public speaking
|
| 710 |
1 |
|
|a Institut Penilaian Negara
|
| 999 |
|
|
|a VCD0000734
|b VIDEO CD
|c Media Collection
|e Default branch
|